00274nam a2200109Ia 4500008004100000100002300041245004600064250001100110260002700121300000800148650000800156191201s2011 xx 000 0 und d aSALVATORE,Dominick 0aManagerial Economics Principles and World a12 IMP aN. DelhibOxfordc2011 a666 aMBA